| 000 | 00612nam a2200205Ia 4500 | ||
|---|---|---|---|
| 003 | GCL | ||
| 008 | 140319s9999 xx 000 0 eng d | ||
| 020 | _a0199262837 | ||
| 040 |
_aGCL / _cGCL |
||
| 082 | 0 | 4 |
_a338.96 _bA A |
| 100 | 1 | _aAFRICAN DEVELOPMENT BANK | |
| 245 | 1 | 0 |
_aAFRICAN DEVELOPMENT REPORT 2003 / _cAFRICAN DEVELOPMENT BANK |
| 260 |
_aنيويورك : _bOXFORD UNIVERSITY PRESS ، _c2003 |
||
| 300 |
_a315 PG ؛ _c25 cm. |
||
| 650 | 0 | 4 | _aECONOMIC POLICY |
| 650 | 0 | 4 | _aECONOMIC DEVELOPMENT |
| 650 | 0 | 4 | _aECONOMIC DEVELOPMENT PROJECTS |
| 650 | 0 | 4 | _aAFRICA - ECONOMIC CONDITIONS |
| 942 |
_2ddc _cBK |
||
| 999 |
_c6546 _d6546 |
||